Groupe de 8 - Quiz - Statistiques

Statistiques générales
  • Ce quiz a été pris 1 031 fois
  • Le résultat moyen est 37 sur 72
Statistiques - réponses
Groupe Réponse % Correct
Planètes Terre
98%
Planètes Mars
97%
Pays ayant gagné une coupe du monde de football masculine France
94%
Planètes Saturne
93%
Planètes Vénus
93%
Planètes Jupiter
92%
Pays ayant gagné une coupe du monde de football masculine Allemagne
90%
Présidents de la Vème République Emmanuel Macron
89%
Présidents de la Vème République François Hollande
88%
Planètes Mercure
87%
Présidents de la Vème République Nicolas Sarkozy
86%
Pays ayant gagné une coupe du monde de football masculine Brésil
85%
Planètes Uranus
85%
Pays ayant gagné une coupe du monde de football masculine Italie
82%
Pays ayant gagné une coupe du monde de football masculine Espagne
81%
Présidents de la Vème République Jacques Chirac
81%
Planètes Neptune
81%
Présidents de la Vème République Charles de Gaulle
80%
Pays ayant gagné une coupe du monde de football masculine Argentine
79%
Présidents de la Vème République Valéry Giscard d'Estaing
78%
Présidents de la Vème République François Mitterand
77%
Capitales de plus de 20 millions d'habitants Tokyo
76%
Capitales de plus de 20 millions d'habitants Pékin
74%
Présidents de la Vème République Georges Pompidou
73%
Espèces d'ours Ours Brun
70%
Pays du golfe persique Iran
67%
Pays en 4 lettres Iran
67%
Espèces d'ours Ours polaire
66%
Pays du golfe persique Irak
65%
Pays en 4 lettres Irak
65%
Capitales de plus de 20 millions d'habitants Delhi
61%
Pays ayant gagné une coupe du monde de football masculine Angleterre
60%
Pays du pacte de Varsovie Pologne
59%
Pays du golfe persique Oman
56%
Pays en 4 lettres Oman
56%
Pays du golfe persique Arabie saoudite
55%
Pays ayant gagné une coupe du monde de football masculine Uruguay
53%
Pays du golfe persique Qatar
49%
Pays du golfe persique Emirats Arabes Unis
48%
Pays du golfe persique Koweït
44%
Pays du pacte de Varsovie Hongrie
39%
Etats américains bordant un des Grands Lacs Michigan
39%
Capitales de plus de 20 millions d'habitants Mexico
38%
Pays du pacte de Varsovie Union soviétique
38%
Pays en 4 lettres Inde
37%
Pays en 4 lettres Togo
36%
Pays du golfe persique Bahreïn
34%
Etats américains bordant un des Grands Lacs New York
34%
Capitales de plus de 20 millions d'habitants Jakarta
33%
Pays du pacte de Varsovie Roumanie
33%
Pays en 4 lettres Mali
30%
Pays en 4 lettres Laos
28%
Pays du pacte de Varsovie Bulgarie
27%
Pays en 4 lettres Cuba
27%
Etats américains bordant un des Grands Lacs Illinois
25%
Capitales de plus de 20 millions d'habitants Séoul
25%
Etats américains bordant un des Grands Lacs Ohio
24%
Espèces d'ours Panda géant
23%
Capitales de plus de 20 millions d'habitants Le Caire
22%
Pays du pacte de Varsovie Tchécoslovaquie
20%
Capitales de plus de 20 millions d'habitants Manille
18%
Pays du pacte de Varsovie Albanie
17%
Etats américains bordant un des Grands Lacs Indiana
17%
Etats américains bordant un des Grands Lacs Minnesota
16%
Pays du pacte de Varsovie Allemagne de l'est
14%
Etats américains bordant un des Grands Lacs Wisconsin
14%
Etats américains bordant un des Grands Lacs Pennsylvanie
13%
Espèces d'ours Ours à lunettes
12%
Espèces d'ours Ours malais
6%
Espèces d'ours Ours lippu
2%
Espèces d'ours Ours noir d'Amérique
1%
Espèces d'ours Ours noir d'Asie
1%
Aucun quiz correspondant
Distribution des résultats
% des personnes avec chaque résultat
Percentile par nombre de réponses
Votre historique - résultats
Vous n’avez pas pris ce quiz